Inovácia predmetu Interný audit

Hodnota interného auditu a profesia interného audítora v súčasných podmienkach riadenia podnikov. Moderné formy a ciele vyučovania. Možnosti a výzvy pri príprave budúcich interných audítorov tak, aby spĺňali požiadavky praxe.

Na minha lista:
Detalhes bibliográficos
Autor principal: Mateášová, Martina, 1979-
Outros Autores: Meluchová, Jitka, 1965-
Formato: Capítulo de Livro
Idioma:eslovaco
Assuntos:
Tags: Adicionar Tag
Sem tags, seja o primeiro a adicionar uma tag!

MARC

LEADER 00000naa$a2200000$$$4500
001 0210065
005 20240502073509.9
041 0 |a slo 
044 |a SK 
245 1 0 |a Inovácia predmetu Interný audit  |c Martina Mateášová, Jitka Meluchová 
520 |a Hodnota interného auditu a profesia interného audítora v súčasných podmienkach riadenia podnikov. Moderné formy a ciele vyučovania. Možnosti a výzvy pri príprave budúcich interných audítorov tak, aby spĺňali požiadavky praxe. 
610 2 0 |a vzdelávanie vysokoškolské 
610 2 0 |a predmety učebné 
610 2 0 |a programy študijné 
610 2 0 |a štúdium vysokoškolské 
610 2 0 |a audit interný 
610 2 0 |a audítori 
610 2 0 |a škola a prax 
100 1 |a Mateášová, Martina, 1979- 
700 1 |a Meluchová, Jitka, 1965-